[Event "Politiken Cup 34th"]
[Site "Helsingor"]
[Date "2012.07.30"]
[Round "4"]
[White "Petersen, Tom Petri"]
[Black "Elenius, Erik"]
[Result "1-0"]
[WhiteElo "2360"]
[BlackElo "2069"]
[PlyCount "149"]
[EventDate "2012.07.28"]
[EventType "swiss"]
[EventRounds "10"]
[EventCountry "DEN"]
[SourceTitle "CBM 149 Extra"]
[Source "ChessBase"]
[SourceDate "2012.08.24"]
[SourceVersion "1"]
[SourceVersionDate "2012.08.24"]
[SourceQuality "1"]

1. c4 Nf6 2. g3 g6 3. Bg2 Bg7 4. Nc3 d6 5. e4 c5 6. Nge2 Nc6 7. 0-0 0-0 8. d3 Ne8 9. Be3 Nc7 10. d4 cxd4 11. Nxd4 Ne6 12. Nxe6 Bxe6 13. Nd5 b6 14. Qd2 Rc8 15. Rac1 Ne5 16. b3 Bh3 17. a4 Re8 18. f4 Bxg2 19. Kxg2 Nd7 20. Bd4 e6 21. Bxg7 exd5 22. Bb2 Rxe4 23. Qxd5 Qe7 24. Rf2 Re8 25. Be5 Nf6 26. Qxd6 Qb7 27. Qc7 Qa8 28. Kh3 Rc8 29. Qe7 Ng4 30. Kxg4 Re8 31. Qf6 R8xe5 32. Qxe5 Qc8+ 33. Kf3 Rxe5 34. fxe5 Qf5+ 35. Kg2 Qxe5 36. b4 h5 37. c5 bxc5 38. bxc5 Qe4+ 39. Kg1 Qe3 40. Rcc2 h4 41. gxh4 Qe1+ 42. Kg2 Qe4+ 43. Kf1 Qh1+ 44. Ke2 Qe4+ 45. Kd1 Qd3+ 46. Kc1 Qa3+ 47. Kd2 Qb4+ 48. Ke3 Qxh4 49. c6 Qe7+ 50. Kf3 Qf6+ 51. Kg2 Qg5+ 52. Kf1 Qd5 53. h3 Qh1+ 54. Ke2 Qe4+ 55. Kd1 Qd4+ 56. Ke1 Qe3+ 57. Kd1 Qd4+ 58. Rfd2 Qg1+ 59. Ke2 Qg2+ 60. Ke3 Qxh3+ 61. Kd4 Qg4+ 62. Kc5 Qf5+ 63. Kd6 Qf4+ 64. Kd7 Qxa4 65. Kc8 Qa6+ 66. Kd8 Qa5+ 67. c7 Qg5+ 68. Kd7 Qf5+ 69. Kc6 Qe4+ 70. Kd7 Qf5+ 71. Kd8 Qf6+ 72. Kc8 a5 73. Kb7 Qf3+ 74. Rc6 Qb3+ 75. Ka8 1-0

[Event "Politiken Cup 34th"]
[Site "Helsingor"]
[Date "2012.07.29"]
[Round "3"]
[White "Elenius, Erik"]
[Black "Mouritsen, Jan"]
[Result "1-0"]
[WhiteElo "2069"]
[BlackElo "1822"]
[PlyCount "45"]
[EventDate "2012.07.28"]
[EventType "swiss"]
[EventRounds "10"]
[EventCountry "DEN"]
[SourceTitle "CBM 149 Extra"]
[Source "ChessBase"]
[SourceDate "2012.08.24"]
[SourceVersion "1"]
[SourceVersionDate "2012.08.24"]
[SourceQuality "1"]

1. e4 c5 2. d4 cxd4 3. c3 dxc3 4. Nxc3 Nc6 5. Nf3 e6 6. Bc4 a6 7. 0-0 Qc7 8. Qe2 d6 9. Rd1 Nf6 10. Bf4 Be7 11. Rac1 0-0 12. h3 Nd7 13. Bb3 Qb8 14. Be3 Nde5 15. Nd2 b5 16. f4 Ng6 17. Nxb5 Qxb5 18. Qxb5 axb5 19. Rxc6 f5 20. exf5 Rxf5 21. Rxc8+ Rxc8 22. Bxe6+ Kf8 23. Bxf5 1-0

[Event "SWE-chT2 0809"]
[Site "Sweden"]
[Date "2009.02.28"]
[Round "6"]
[White "Bragesjo, Tomas"]
[Black "Elenius, Erik"]
[Result "1/2-1/2"]
[WhiteElo "1739"]
[BlackElo "2051"]
[PlyCount "73"]
[EventDate "2008.10.25"]
[EventType "team-tourn"]
[EventRounds "9"]
[EventCountry "SWE"]
[SourceTitle "EXT 2011"]
[Source "ChessBase"]
[SourceDate "2010.11.26"]
[SourceVersion "1"]
[SourceVersionDate "2010.11.26"]
[SourceQuality "1"]

1. e4 c5 2. Nf3 d6 3. d4 cxd4 4. Nxd4 Nf6 5. Nc3 a6 6. g3 e6 7. Bg2 Be7 8. 0-0 0-0 9. f4 Qc7 10. a4 Nc6 11. Nb3 Na5 12. Nxa5 Qxa5 13. Be3 Bd7 14. g4 Bc6 15. g5 Nd7 16. f5 d5 17. exd5 exd5 18. Bxd5 Bc5 19. Bxc5 Qxc5+ 20. Kh1 Rad8 21. Bxc6 bxc6 22. Qh5 Rfe8 23. Rf4 Qe3 24. Rh4 Nf8 25. g6 fxg6 26. fxg6 h6 27. Rf1 Re5 28. Qg4 Rg5 29. Qc4+ Kh8 30. Qxc6 Rxg6 31. Qe4 Qg5 32. Rhf4 Ne6 33. Rf5 Qe7 34. Rf7 Qg5 35. R7f5 Qe7 36. Rf7 Qg5 37. R7f5 1/2-1/2

[Event "SWE-chT2 0809"]
[Site "Sweden"]
[Date "2008.12.06"]
[Round "3"]
[White "Krantz, Christopher"]
[Black "Elenius, Erik"]
[Result "1-0"]
[WhiteElo "2271"]
[BlackElo "2051"]
[PlyCount "101"]
[EventDate "2008.10.25"]
[EventType "team-tourn"]
[EventRounds "9"]
[EventCountry "SWE"]
[SourceTitle "EXT 2011"]
[Source "ChessBase"]
[SourceDate "2010.11.26"]
[SourceVersion "1"]
[SourceVersionDate "2010.11.26"]
[SourceQuality "1"]

1. e4 c5 2. Nf3 d6 3. Bb5+ Nc6 4. d4 cxd4 5. Nxd4 Bd7 6. Nc3 Nf6 7. 0-0 g6 8. Bg5 Bg7 9. Bxc6 bxc6 10. Nf3 Qa5 11. Qd2 Rb8 12. Rab1 h6 13. Bxf6 Bxf6 14. Nd5 Qxd2 15. Nxf6+ exf6 16. Nxd2 Ke7 17. b3 Rhe8 18. Nc4 Be6 19. Ne3 f5 20. exf5 gxf5 21. g3 f4 22. gxf4 Bh3 23. Rfe1 Kf6 24. Rbd1 d5 25. f3 Rbd8 26. Kf2 Rg8 27. Rg1 h5 28. Rxg8 Rxg8 29. Rd4 Be6 30. Ra4 c5 31. f5 d4 32. fxe6 dxe3+ 33. Kxe3 fxe6 34. Kf2 Rd8 35. Rc4 Rd5 36. h4 Ke5 37. Ke2 Kf5 38. Ra4 Re5+ 39. Kf2 Rd5 40. c4 Rd7 41. Ke3 Rd4 42. Rxa7 Rxh4 43. Rc7 Rh2 44. Rxc5+ e5 45. Ra5 h4 46. Ra8 h3 47. Rh8 Rh1 48. Kf2 Kf4 49. Rf8+ Kg5 50. Kg3 Kg6 51. Rh8 1-0

[Event "Calvia Amateur op 4th"]
[Site "Calvia"]
[Date "2007.10.09"]
[Round "4"]
[White "Elenius, Erik"]
[Black "Anibal, Joaquim"]
[Result "1/2-1/2"]
[WhiteElo "2161"]
[BlackElo "2186"]
[PlyCount "37"]
[EventDate "2007.10.06"]
[EventType "swiss"]
[EventRounds "9"]
[EventCountry "ESP"]
[SourceTitle "CBM 120 Extra"]
[Source "ChessBase"]
[SourceDate "2007.11.01"]
[SourceVersion "1"]
[SourceVersionDate "2007.11.01"]
[SourceQuality "1"]

1. e4 c5 2. c3 Nf6 3. e5 Nd5 4. Nf3 Nc6 5. Bc4 e6 6. 0-0 Be7 7. Re1 0-0 8. d4 d6 9. Nbd2 Nb6 10. Bb3 d5 11. Nf1 cxd4 12. cxd4 Bd7 13. a3 f5 14. exf6 Bxf6 15. Ng3 Qe8 16. Ne5 Nxe5 17. dxe5 Be7 18. Be3 Ba4 19. Bxa4 1/2-1/2

[Event "Ostrava Konik op-A"]
[Site "Ostrava"]
[Date "2007.??.??"]
[Round "9"]
[White "Elenius, Erik"]
[Black "Krasenkova, Ilena"]
[Result "1/2-1/2"]
[WhiteElo "2005"]
[BlackElo "2215"]
[PlyCount "111"]
[EventDate "2007.05.??"]
[EventType "swiss"]
[EventRounds "9"]
[EventCountry "CZE"]
[SourceTitle "EXT 2010"]
[Source "ChessBase"]
[SourceDate "2010.11.25"]
[SourceVersion "1"]
[SourceVersionDate "2010.11.25"]
[SourceQuality "1"]

1. e4 c5 2. c3 e5 3. Nf3 Nc6 4. Bc4 Qc7 5. Qb3 Na5 6. Bxf7+ Ke7 7. Qd5 Nf6 8. Qxe5+ Qxe5 9. Nxe5 d6 10. Nc4 Kxf7 11. Nxa5 Nxe4 12. d3 Nf6 13. 0-0 b6 14. Nc4 b5 15. Ne3 d5 16. d4 c4 17. Nd2 a5 18. Nf3 Bd6 19. Ne5+ Ke6 20. N3g4 Nxg4 21. Nxg4 Kf7 22. Ne3 Be6 23. f4 Rhe8 24. Bd2 Kf8 25. Rae1 b4 26. f5 Bf7 27. Ng4 bxc3 28. Bxc3 a4 29. a3 Rab8 30. Ne5 Rb3 31. Re3 Rd8 32. g4 Be8 33. Kg2 Rdb8 34. Rf2 Be7 35. Nf3 Bd7 36. h3 Re8 37. Rfe2 Bxa3 38. Ne5 Rxe5 39. Rxe5 Bd6 40. R5e3 a3 41. bxa3 Bxa3 42. Ra2 Kf7 43. Bd2 Bd6 44. Rxb3 cxb3 45. Rb2 Ba4 46. Bc3 h5 47. Kf3 hxg4+ 48. hxg4 g6 49. fxg6+ Kxg6 50. Re2 Bd7 51. Bb2 Kf6 52. Bc1 Bb4 53. Re3 Ba4 54. Kg2 b2 55. Bxb2 Kg5 56. Ba3 1/2-1/2